000 00349nam a2200145Ia 4500
008 210210b1997 xxu||||| |||| 00| 0 eng d
020 _a0 00 675305 1
082 _a823.0872 BLYR
100 _aBLYTON (Enid).
245 _aRiver of adventure.
260 _aLondon
_bCollins
_c1997
300 _a143
690 _aEnglish Fiction
906 _a054422
999 _c102622
_d102622